000 00829nam a22002297a 4500
999 _c20280
_d20280
003 AR-CdUCM
008 190228b ||||| |||| 00| 0 spa d
020 _a978-612-00-0215-5
040 _aMUNICIPALIDAD PROVINCIAL DEL CUSCO
_cBIBLIOTECA MUNICIPAL DEL CUSCO
082 _a301 /
_bM83
100 _aMorvelí Salas, Mario
_97203
245 _aSociología /
260 _aCusco :
_bImpresiones Gráficas Meta Color,
_c2010.
300 _a150 páginas ;
_c22 cm.
505 _aContenido: Sociología -- La sociedad humana -- La población...
650 _aCiencia y sociología
_942383
650 _aSociedad humana
_96727
650 _aClásicos de la sociología
_942384
700 _aTorres Lezama, Vicente (diseño de cubierta), Torres Lezama, Marcos F. (diagramación)
_942385
942 _2ddc
_cLIBROS
945 _aAndy